<?xml version="1.0" encoding="UTF-8"?>
<record
    xmlns:xsi="http://www.w3.org/2001/XMLSchema-instance"
    xsi:schemaLocation="http://www.loc.gov/MARC21/slim http://www.loc.gov/standards/marcxml/schema/MARC21slim.xsd"
    xmlns="http://www.loc.gov/MARC21/slim">

  <leader>01483nab a22002657a 4500</leader>
  <datafield tag="999" ind1=" " ind2=" ">
    <subfield code="c">5529</subfield>
    <subfield code="d">5529</subfield>
  </datafield>
  <controlfield tag="003">OSt</controlfield>
  <controlfield tag="005">20251215122038.0</controlfield>
  <controlfield tag="008">190502c        xxu||||| |||| 00| 0 spa d</controlfield>
  <datafield tag="040" ind1=" " ind2=" ">
    <subfield code="c">PJ</subfield>
  </datafield>
  <datafield tag="100" ind1=" " ind2=" ">
    <subfield code="9">6481</subfield>
    <subfield code="a">Founburg, Mariano Nicol&#xE1;s</subfield>
  </datafield>
  <datafield tag="245" ind1="1" ind2="0">
    <subfield code="a">Siniestros de tr&#xE1;nsito con resultados dolosos /</subfield>
    <subfield code="c">Mariano Nicol&#xE1;s Founburg.</subfield>
  </datafield>
  <datafield tag="260" ind1=" " ind2=" ">
    <subfield code="a">Ciudad Aut&#xF3;noma de Buenos Aires :</subfield>
    <subfield code="b">Thomson Reuters La Ley,</subfield>
    <subfield code="c">2025.</subfield>
  </datafield>
  <datafield tag="300" ind1=" " ind2=" ">
    <subfield code="a">p. 23-31</subfield>
  </datafield>
  <datafield tag="500" ind1=" " ind2=" ">
    <subfield code="a">Cita Online: AR/DOC/2646/2025.</subfield>
  </datafield>
  <datafield tag="505" ind1=" " ind2=" ">
    <subfield code="a">Sumario: I. Rese&#xF1;a del caso.&#x2014; II. Dolo eventual o culpa consciente. &#xBF;C&#xF3;mo distinguirlos?&#x2014; III. El dolo en el C&#xF3;d. Penal argentino.&#x2014; IV. El rol del elemento volitivo en el caso "V.".&#x2014; V. Consideraciones sobre el fallo del Tribunal Oral. &#x2014; VI. Consideraciones sobre la soluci&#xF3;n final.&#x2014; VII. La conducci&#xF3;n antirreglamentaria en nuestro pa&#xED;s y la ley penal aplicable.</subfield>
  </datafield>
  <datafield tag="505" ind1=" " ind2=" ">
    <subfield code="a">Fallo comentado: CNCasCrim. y Correc., sala I ~ 14/03/2023 ~ S.,S. y otros c. V., E. D. y otro s/ homicidio simple y lesiones grav&#xED;simas.</subfield>
  </datafield>
  <datafield tag="505" ind1=" " ind2=" ">
    <subfield code="t">&#xBF;Te interesa el texto completo? Solicitalo al correo: koha@justierradelfuego.gov.ar</subfield>
  </datafield>
  <datafield tag="650" ind1=" " ind2="0">
    <subfield code="9">343</subfield>
    <subfield code="a">DERECHO PENAL</subfield>
  </datafield>
  <datafield tag="650" ind1=" " ind2="0">
    <subfield code="a">HOMICIDIO CULPOSO</subfield>
    <subfield code="9">2943</subfield>
  </datafield>
  <datafield tag="650" ind1=" " ind2="0">
    <subfield code="a">LESIONES </subfield>
    <subfield code="9">2950</subfield>
  </datafield>
  <datafield tag="650" ind1=" " ind2="0">
    <subfield code="a">ACCIDENTE DE TR&#xC1;NSITO</subfield>
    <subfield code="9">2762</subfield>
  </datafield>
  <datafield tag="650" ind1=" " ind2="0">
    <subfield code="a">EXCESO DE VELOCIDAD</subfield>
    <subfield code="9">6510</subfield>
  </datafield>
  <datafield tag="773" ind1="0" ind2=" ">
    <subfield code="0">2729</subfield>
    <subfield code="9">3180</subfield>
    <subfield code="d">Buenos Aires : LexisNexis,  2006-</subfield>
    <subfield code="t">Revista de derecho penal y procesal penal. N&#xBA; 12 - Diciembre 2025</subfield>
    <subfield code="z">9875920622</subfield>
  </datafield>
  <datafield tag="942" ind1=" " ind2=" ">
    <subfield code="2">udc</subfield>
    <subfield code="c">ANA</subfield>
  </datafield>
</record>
